000 00683nas a2200253 4500
001 BR7901305
003 BR-BrBNA
005 20231205083648.0
007 ta
008 230509b bl.|||p| |||| 00| 00por d
040 _aBR-BrBNA
_bpor
_cBiblioteca Nacional de Agricultura
041 _a(Pt)
072 _aF00
100 1 _aOjima, M.
100 1 _aDall'Orto, F.A.C.
100 1 _aRigitano, O.
100 1 _aNagai, V.
245 1 _aEnxertia da nespereira [Eriobotrya japonica]
650 _aNESPERA
650 _aENXERTO
773 0 _tBragantia (Brazil)
_xISSN 0006-8705
_g(1978), v. 37 4 p.
_wBR7901305
909 _a202311
_bLúcia
_c55
_dLúcia Elande
942 _2AGRIS
_n0
_cANA
999 _c100397
_d100397